| 000 | 00632cam a22001697a 4500 | ||
|---|---|---|---|
| 020 | _a9789251068373 | ||
| 020 | _a9251068372 | ||
| 040 | _cNLE | ||
| 082 | _a333 FAO 2010 A042 Or. | ||
| 245 | 0 | 0 | _aApproaches to controlling, preventing and eliminating H5N1 highly pathogenic avian influenza in endemic countries. |
| 260 |
_aRome : _bFood and Agriculture Organization of the United Nations, _c2011. |
||
| 300 |
_axi, 81 p. : _bcol. ill., col. maps ; _c25 cm. |
||
| 490 | 1 | _aFAO animal production and health paper, | |
| 650 | 0 | _aAvian influenza | |
| 710 | 2 | _aFood and Agriculture Organization of the United Nations. | |
| 942 | _cAEDBB | ||
| 999 |
_c20860 _d20860 |
||